Draw 10 Missing Borders on the World Map #6 - Statistics

General Stats
  • This quiz has been taken 177 times
  • The average score is 312 of 317
Answers on the Map
Answers color-coded by a green-red scale on the quiz's map according to % correct below.
 
Answer Stats
L A B Bordering Countries % Correct
76 Afghanistan China Afghanistan-China
99%
936 Afghanistan Iran Afghanistan-Iran
99%
2430 Afghanistan Pakistan Afghanistan-Pakistan
99%
1206 Afghanistan Tajikistan Afghanistan-Tajikistan
99%
744 Afghanistan Turkmenistan Afghanistan-Turkmenistan
99%
137 Afghanistan Uzbekistan Afghanistan-Uzbekistan
99%
282 Albania Greece Albania-Greece
99%
112 Albania Kosovo Albania-Kosovo
99%
151 Albania Macedonia Albania-Macedonia
99%
172 Albania Montenegro Albania-Montenegro
99%
982 Algeria Libya Algeria-Libya
99%
463 Algeria Mauritania Algeria-Mauritania
99%
1601 Algeria Morocco Algeria-Morocco
99%
956 Algeria Niger Algeria-Niger
99%
965 Algeria Tunisia Algeria-Tunisia
99%
56.6 Andorra France Andorra-France
99%
63.7 Andorra Spain Andorra-Spain
99%
2511 Angola Democratic Republic of the Congo Angola-Democratic Republic of the Congo
99%
1376 Angola Namibia Angola-Namibia
99%
201 Angola Republic of the Congo Angola-Republic of the Congo
99%
1110 Angola Zambia Angola-Zambia
99%
832 Argentina Bolivia Argentina-Bolivia
99%
1224 Argentina Brazil Argentina-Brazil
99%
5300 Argentina Chile Argentina-Chile
99%
579 Argentina Uruguay Argentina-Uruguay
99%
787 Armenia Azerbaijan Armenia-Azerbaijan
99%
164 Armenia Georgia Armenia-Georgia
99%
35 Armenia Iran Armenia-Iran
99%
268 Armenia Turkey Armenia-Turkey
99%
362 Austria Czech Republic Austria-Czech Republic
99%
784 Austria Germany Austria-Germany
99%
366 Austria Hungary Austria-Hungary
99%
430 Austria Italy Austria-Italy
99%
35 Austria Liechtenstein Austria-Liechtenstein
99%
91 Austria Slovakia Austria-Slovakia
99%
330 Austria Slovenia Austria-Slovenia
99%
164 Austria Switzerland Austria-Switzerland
99%
322 Azerbaijan Georgia Azerbaijan-Georgia
99%
432 Azerbaijan Iran Azerbaijan-Iran
99%
284 Azerbaijan Russia Azerbaijan-Russia
99%
9 Azerbaijan Turkey Azerbaijan-Turkey
99%
4053 Bangladesh India Bangladesh-India
99%
193 Bangladesh Myanmar Bangladesh-Myanmar
99%
141 Belarus Latvia Belarus-Latvia
99%
502 Belarus Lithuania Belarus-Lithuania
99%
407 Belarus Poland Belarus-Poland
99%
959 Belarus Russia Belarus-Russia
99%
891 Belarus Ukraine Belarus-Ukraine
99%
620 Belgium France Belgium-France
99%
167 Belgium Germany Belgium-Germany
99%
148 Belgium Luxembourg Belgium-Luxembourg
99%
450 Belgium Netherlands Belgium-Netherlands
99%
266 Belize Guatemala Belize-Guatemala
99%
250 Belize Mexico Belize-Mexico
99%
306 Benin Burkina Faso Benin-Burkina Faso
99%
266 Benin Niger Benin-Niger
99%
773 Benin Nigeria Benin-Nigeria
99%
644 Benin Togo Benin-Togo
99%
470 Bhutan China Bhutan-China
99%
605 Bhutan India Bhutan-India
99%
3400 Bolivia Brazil Bolivia-Brazil
99%
861 Bolivia Chile Bolivia-Chile
99%
750 Bolivia Paraguay Bolivia-Paraguay
99%
900 Bolivia Peru Bolivia-Peru
99%
932 Bosnia and Herzegovina Croatia Bosnia and Herzegovina-Croatia
99%
225 Bosnia and Herzegovina Montenegro Bosnia and Herzegovina-Montenegro
99%
302 Bosnia and Herzegovina Serbia Bosnia and Herzegovina-Serbia
99%
1360 Botswana Namibia Botswana-Namibia
99%
1840 Botswana South Africa Botswana-South Africa
99%
0.15 Botswana Zambia Botswana-Zambia
99%
813 Botswana Zimbabwe Botswana-Zimbabwe
99%
1643 Brazil Colombia Brazil-Colombia
99%
673 Brazil France Brazil-France
99%
1290 Brazil Paraguay Brazil-Paraguay
99%
1560 Brazil Peru Brazil-Peru
99%
597 Brazil Suriname Brazil-Suriname
99%
985 Brazil Uruguay Brazil-Uruguay
99%
2200 Brazil Venezuela Brazil-Venezuela
99%
381 Brunei Malaysia Brunei-Malaysia
99%
494 Bulgaria Greece Bulgaria-Greece
99%
148 Bulgaria Macedonia Bulgaria-Macedonia
99%
608 Bulgaria Romania Bulgaria-Romania
99%
318 Bulgaria Serbia Bulgaria-Serbia
99%
240 Bulgaria Turkey Bulgaria-Turkey
99%
584 Burkina Faso Cote d'Ivoire Burkina Faso-Cote d'Ivoire
99%
549 Burkina Faso Ghana Burkina Faso-Ghana
99%
1000 Burkina Faso Mali Burkina Faso-Mali
99%
628 Burkina Faso Niger Burkina Faso-Niger
99%
126 Burkina Faso Togo Burkina Faso-Togo
99%
233 Burundi Democratic Republic of the Congo Burundi-Democratic Republic of the Congo
99%
290 Burundi Rwanda Burundi-Rwanda
99%
451 Burundi Tanzania Burundi-Tanzania
99%
541 Cambodia Laos Cambodia-Laos
99%
803 Cambodia Thailand Cambodia-Thailand
99%
1228 Cambodia Vietnam Cambodia-Vietnam
99%
797 Cameroon Central African Republic Cameroon-Central African Republic
99%
1094 Cameroon Chad Cameroon-Chad
99%
189 Cameroon Equatorial Guinea Cameroon-Equatorial Guinea
99%
298 Cameroon Gabon Cameroon-Gabon
99%
1690 Cameroon Nigeria Cameroon-Nigeria
99%
523 Cameroon Republic of the Congo Cameroon-Republic of the Congo
99%
8893 Canada United States Canada-United States
99%
1197 Central African Republic Chad Central African Republic-Chad
99%
1577 Central African Republic Democratic Republic of the Congo Central African Republic-Democratic Republic of the Congo
99%
682 Central African Republic South Sudan Central African Republic-South Sudan
99%
483 Central African Republic Sudan Central African Republic-Sudan
99%
1055 Chad Libya Chad-Libya
99%
1175 Chad Niger Chad-Niger
99%
87 Chad Nigeria Chad-Nigeria
99%
1360 Chad Sudan Chad-Sudan
99%
160 Chile Peru Chile-Peru
99%
3380 China India China-India
99%
1533 China Kazakhstan China-Kazakhstan
99%
858 China Kyrgyzstan China-Kyrgyzstan
99%
423 China Laos China-Laos
99%
4677 China Mongolia China-Mongolia
99%
2185 China Myanmar China-Myanmar
99%
1236 China Nepal China-Nepal
99%
1416 China North Korea China-North Korea
99%
523 China Pakistan China-Pakistan
99%
3645 China Russia China-Russia
99%
414 China Tajikistan China-Tajikistan
99%
1281 China Vietnam China-Vietnam
99%
590 Colombia Ecuador Colombia-Ecuador
99%
225 Colombia Panama Colombia-Panama
99%
1496 Colombia Peru Colombia-Peru
99%
2050 Colombia Venezuela Colombia-Venezuela
99%
309 Costa Rica Nicaragua Costa Rica-Nicaragua
99%
330 Costa Rica Panama Costa Rica-Panama
99%
668 Cote d'Ivoire Ghana Cote d'Ivoire-Ghana
99%
610 Cote d'Ivoire Guinea Cote d'Ivoire-Guinea
99%
716 Cote d'Ivoire Liberia Cote d'Ivoire-Liberia
99%
532 Cote d'Ivoire Mali Cote d'Ivoire-Mali
99%
329 Croatia Hungary Croatia-Hungary
99%
25 Croatia Montenegro Croatia-Montenegro
99%
241 Croatia Serbia Croatia-Serbia
99%
670 Croatia Slovenia Croatia-Slovenia
99%
815 Czech Republic Germany Czech Republic-Germany
99%
658 Czech Republic Poland Czech Republic-Poland
99%
215 Czech Republic Slovakia Czech Republic-Slovakia
99%
2410 Democratic Republic of the Congo Republic of the Congo Democratic Republic of the Congo-Republic of the Congo
99%
217 Democratic Republic of the Congo Rwanda Democratic Republic of the Congo-Rwanda
99%
628 Democratic Republic of the Congo South Sudan Democratic Republic of the Congo-South Sudan
99%
459 Democratic Republic of the Congo Tanzania Democratic Republic of the Congo-Tanzania
99%
765 Democratic Republic of the Congo Uganda Democratic Republic of the Congo-Uganda
99%
1930 Democratic Republic of the Congo Zambia Democratic Republic of the Congo-Zambia
99%
68 Denmark Germany Denmark-Germany
99%
109 Djibouti Eritrea Djibouti-Eritrea
99%
349 Djibouti Ethiopia Djibouti-Ethiopia
99%
58 Djibouti Somalia Djibouti-Somalia
99%
360 Dominican Republic Haiti Dominican Republic-Haiti
99%
228 East Timor Indonesia East Timor-Indonesia
99%
1420 Ecuador Peru Ecuador-Peru
99%
277 Egypt Israel Egypt-Israel
99%
1115 Egypt Libya Egypt-Libya
99%
1273 Egypt Sudan Egypt-Sudan
99%
203 El Salvador Guatemala El Salvador-Guatemala
99%
350 Equatorial Guinea Gabon Equatorial Guinea-Gabon
99%
912 Eritrea Ethiopia Eritrea-Ethiopia
99%
605 Eritrea Sudan Eritrea-Sudan
99%
339 Estonia Latvia Estonia-Latvia
99%
294 Estonia Russia Estonia-Russia
99%
861 Ethiopia Kenya Ethiopia-Kenya
99%
1600 Ethiopia Somalia Ethiopia-Somalia
99%
883 Ethiopia South Sudan Ethiopia-South Sudan
99%
723 Ethiopia Sudan Ethiopia-Sudan
99%
1340 Finland Russia Finland-Russia
99%
614 Finland Sweden Finland-Sweden
99%
451 France Germany France-Germany
99%
488 France Italy France-Italy
99%
73 France Luxembourg France-Luxembourg
99%
4.4 France Monaco France-Monaco
99%
10.2 France Netherlands France-Netherlands
99%
623 France Spain France-Spain
99%
510 France Suriname France-Suriname
99%
573 France Switzerland France-Switzerland
99%
1903 Gabon Republic of the Congo Gabon-Republic of the Congo
99%
740 Gambia Senegal Gambia-Senegal
99%
723 Georgia Russia Georgia-Russia
99%
252 Georgia Turkey Georgia-Turkey
99%
138 Germany Luxembourg Germany-Luxembourg
99%
456 Germany Poland Germany-Poland
99%
334 Germany Switzerland Germany-Switzerland
99%
877 Ghana Togo Ghana-Togo
99%
246 Greece Macedonia Greece-Macedonia
99%
206 Greece Turkey Greece-Turkey
99%
256 Guatemala Honduras Guatemala-Honduras
99%
962 Guatemala Mexico Guatemala-Mexico
99%
338 Guinea-Bissau Senegal Guinea-Bissau-Senegal
99%
386 Guinea Guinea-Bissau Guinea-Guinea-Bissau
99%
563 Guinea Liberia Guinea-Liberia
99%
858 Guinea Mali Guinea-Mali
99%
330 Guinea Senegal Guinea-Senegal
99%
652 Guinea Sierra Leone Guinea-Sierra Leone
99%
600 Guyana Suriname Guyana-Suriname
99%
743 Guyana Venezuela Guyana-Venezuela
99%
922 Honduras Nicaragua Honduras-Nicaragua
99%
443 Hungary Romania Hungary-Romania
99%
151 Hungary Serbia Hungary-Serbia
99%
677 Hungary Slovakia Hungary-Slovakia
99%
102 Hungary Slovenia Hungary-Slovenia
99%
103 Hungary Ukraine Hungary-Ukraine
99%
1463 India Myanmar India-Myanmar
99%
1690 India Nepal India-Nepal
99%
2912 India Pakistan India-Pakistan
99%
1782 Indonesia Malaysia Indonesia-Malaysia
99%
820 Indonesia Papua New Guinea Indonesia-Papua New Guinea
99%
1458 Iran Iraq Iran-Iraq
99%
909 Iran Pakistan Iran-Pakistan
99%
499 Iran Turkey Iran-Turkey
99%
992 Iran Turkmenistan Iran-Turkmenistan
99%
181 Iraq Jordan Iraq-Jordan
99%
240 Iraq Kuwait Iraq-Kuwait
99%
814 Iraq Saudi Arabia Iraq-Saudi Arabia
99%
605 Iraq Syria Iraq-Syria
99%
352 Iraq Turkey Iraq-Turkey
99%
360 Ireland United Kingdom Ireland-United Kingdom
99%
335 Israel Jordan Israel-Jordan
99%
79 Israel Lebanon Israel-Lebanon
99%
76 Israel Syria Israel-Syria
99%
39 Italy San Marino Italy-San Marino
99%
232 Italy Slovenia Italy-Slovenia
99%
740 Italy Switzerland Italy-Switzerland
99%
3.2 Italy Vatican City Italy-Vatican City
99%
744 Jordan Saudi Arabia Jordan-Saudi Arabia
99%
375 Jordan Syria Jordan-Syria
99%
6846 Kazakhstan Russia Kazakhstan-Russia
99%
379 Kazakhstan Turkmenistan Kazakhstan-Turkmenistan
99%
2203 Kazakhstan Uzbekistan Kazakhstan-Uzbekistan
99%
682 Kenya Somalia Kenya-Somalia
99%
232 Kenya South Sudan Kenya-South Sudan
99%
769 Kenya Tanzania Kenya-Tanzania
99%
933 Kenya Uganda Kenya-Uganda
99%
159 Kosovo Macedonia Kosovo-Macedonia
99%
79 Kosovo Montenegro Kosovo-Montenegro
99%
352 Kosovo Serbia Kosovo-Serbia
99%
222 Kuwait Saudi Arabia Kuwait-Saudi Arabia
99%
870 Kyrgyzstan Tajikistan Kyrgyzstan-Tajikistan
99%
1099 Kyrgyzstan Uzbekistan Kyrgyzstan-Uzbekistan
99%
235 Laos Myanmar Laos-Myanmar
99%
1754 Laos Thailand Laos-Thailand
99%
2130 Laos Vietnam Laos-Vietnam
99%
453 Latvia Lithuania Latvia-Lithuania
99%
217 Latvia Russia Latvia-Russia
99%
375 Lebanon Syria Lebanon-Syria
99%
909 Lesotho South Africa Lesotho-South Africa
99%
306 Liberia Sierra Leone Liberia-Sierra Leone
99%
354 Libya Niger Libya-Niger
99%
383 Libya Sudan Libya-Sudan
99%
459 Libya Tunisia Libya-Tunisia
99%
41 Liechtenstein Switzerland Liechtenstein-Switzerland
99%
91 Lithuania Poland Lithuania-Poland
99%
227 Lithuania Russia Lithuania-Russia
99%
62 Macedonia Serbia Macedonia-Serbia
99%
475 Malawi Tanzania Malawi-Tanzania
99%
837 Malawi Zambia Malawi-Zambia
99%
506 Malaysia Thailand Malaysia-Thailand
99%
2237 Mali Mauritania Mali-Mauritania
99%
821 Mali Niger Mali-Niger
99%
419 Mali Senegal Mali-Senegal
99%
1561 Mauritania Morocco Mauritania-Morocco
99%
813 Mauritania Senegal Mauritania-Senegal
99%
3141 Mexico United States Mexico-United States
99%
450 Moldova Romania Moldova-Romania
99%
939 Moldova Ukraine Moldova-Ukraine
99%
3485 Mongolia Russia Mongolia-Russia
99%
124 Montenegro Serbia Montenegro-Serbia
99%
17 Morocco Spain Morocco-Spain
99%
491 Mozambique South Africa Mozambique-South Africa
99%
105 Mozambique Swaziland Mozambique-Swaziland
99%
756 Mozambique Tanzania Mozambique-Tanzania
99%
419 Mozambique Zambia Mozambique-Zambia
99%
1231 Mozambique Zimbabwe Mozambique-Zimbabwe
99%
1800 Myanmar Thailand Myanmar-Thailand
99%
967 Namibia South Africa Namibia-South Africa
99%
233 Namibia Zambia Namibia-Zambia
99%
1497 Niger Nigeria Niger-Nigeria
99%
19 North Korea Russia North Korea-Russia
99%
238 North Korea South Korea North Korea-South Korea
99%
196 Norway Russia Norway-Russia
99%
1619 Norway Sweden Norway-Sweden
99%
676 Oman Saudi Arabia Oman-Saudi Arabia
99%
410 Oman United Arab Emirates Oman-United Arab Emirates
99%
288 Oman Yemen Oman-Yemen
99%
206 Poland Russia Poland-Russia
99%
444 Poland Slovakia Poland-Slovakia
99%
526 Poland Ukraine Poland-Ukraine
99%
1214 Portugal Spain Portugal-Spain
99%
60 Qatar Saudi Arabia Qatar-Saudi Arabia
99%
476 Romania Serbia Romania-Serbia
99%
531 Romania Ukraine Romania-Ukraine
99%
1576 Russia Ukraine Russia-Ukraine
99%
217 Rwanda Tanzania Rwanda-Tanzania
99%
169 Rwanda Uganda Rwanda-Uganda
99%
457 Saudi Arabia United Arab Emirates Saudi Arabia-United Arab Emirates
99%
1458 Saudi Arabia Yemen Saudi Arabia-Yemen
99%
97 Slovakia Ukraine Slovakia-Ukraine
99%
430 South Africa Swaziland South Africa-Swaziland
99%
225 South Africa Zimbabwe South Africa-Zimbabwe
99%
1937 South Sudan Sudan South Sudan-Sudan
99%
435 South Sudan Uganda South Sudan-Uganda
99%
1.2 Spain United Kingdom Spain-United Kingdom
99%
822 Syria Turkey Syria-Turkey
99%
1161 Tajikistan Uzbekistan Tajikistan-Uzbekistan
99%
338 Tanzania Zambia Tanzania-Zambia
99%
1621 Turkmenistan Uzbekistan Turkmenistan-Uzbekistan
99%
797 Zambia Zimbabwe Zambia-Zimbabwe
99%
1376 Algeria Mali Algeria-Mali
91%
1119 Brazil Guyana Brazil-Guyana
85%
467 Central African Republic Republic of the Congo Central African Republic-Republic of the Congo
85%
396 Tanzania Uganda Tanzania-Uganda
84%
577 Germany Netherlands Germany-Netherlands
80%
1880 Argentina Paraguay Argentina-Paraguay
75%
1569 Malawi Mozambique Malawi-Mozambique
74%
1051 Kazakhstan Kyrgyzstan Kazakhstan-Kyrgyzstan
72%
342 El Salvador Honduras El Salvador-Honduras
67%
736 Finland Norway Finland-Norway
60%
No matching quizzes found
Score Distribution
Percent of People with Each Score
Percentile by Number Answered
Your Score History
You have not taken this quiz